000 00601nam a2200205 i 4500
001 bg
245 1 0 _aOdkrywamy Unię Europejską :
_bkompendium wiedzy /
_c[Bożena Kicińska et al.].
260 _aWarszawa :
_bWydawnictwa Szkolne i Pedagogiczne,
_c2003.
300 _a199 s. :
_bil. (w tym kolor.) ;
_c24 cm.
610 2 9 _aUnia Europejska
655 _aPodręczniki
700 1 _aKICIŃSKA, Bożena
020 _a8302088374
040 _cBPK
041 0 _apol
080 _a339.923:061.1A/Z](4-67)(07)
920 _a83-02-08837-4
942 _cKS
008 s pl f |000 0 pol
999 _c52813
_d52813
856 _uhttp://koha.tu.koszalin.pl/cgi-bin/koha/opac-detail.pl?biblionumber=52813
_yKatalog online BPK